[Event "Challenge"]
[Site "http://www.queenalice.com/game.php?id=440437"]
[Date "2008.7.29"]
[Round "-"]
[White "Negruver"]
[Black "Admilton"]
[Result "0-1"]
[WhiteElo "1240"]
[BlackElo "1575"]

1. e3 e5 2. f4 e4 3. d3 d5 4. dxe4 dxe4 5. Bc4 Qe7 6. Nd2 Nf6 7. Nb3 Qb4+ 8. Bd2
Qxc4 9. Na5 Qb5 10. c4 Qxb2 11. Qa4+ Bd7 12. Qd1 b6 13. Nb3 Ba4 14. Rb1 Qxa2 15.
Ne2 Qa3 16. Ra1 Qxb3 17. Rxa4 Qd3 18. Nc1 Qd7 19. Nb3 Qxa4 20. Nc5 Qxd1+ 21.
Kxd1 bxc5 0-1

[Event "AUTO-INT-991"]
[Site "http://www.queenalice.com/game.php?id=443793"]
[Date "2008.8.5"]
[Round "1"]
[White "Dangermouse"]
[Black "Negruver"]
[Result "1-0"]
[WhiteElo "1700"]
[BlackElo "1282"]

1. d4 e6 2. c4 Na6 3. e3 Bb4+ 4. Bd2 Qg5 5. e4 Qa5 6. a3 Nh6 7. Nc3 Bxc3 8. Bxc3
Qh5 9. Qxh5 Ng8 10. d5 g6 11. Qg5 f6 12. Bxf6 1-0

[Event "AUTO-INT-991"]
[Site "http://www.queenalice.com/game.php?id=443794"]
[Date "2008.8.5"]
[Round "1"]
[White "Negruver"]
[Black "Dangermouse"]
[Result "0-1"]
[WhiteElo "1280"]
[BlackElo "1702"]

1. e3 e6 2. Nh3 d5 3. Bd3 e5 4. O-O Bxh3 5. gxh3 Qg5+ 6. Kh1 Nc6 7. f4 exf4 8.
exf4 Qf6 9. Re1+ Be7 10. Nc3 d4 11. Ne4 Qxf4 0-1

[Event "AUTO-INT-991"]
[Site "http://www.queenalice.com/game.php?id=443813"]
[Date "2008.8.5"]
[Round "1"]
[White "Negruver"]
[Black "yclaudiu35"]
[Result "0-1"]
[WhiteElo "1267"]
[BlackElo "1820"]

1. e3 e5 2. Nh3 d5 3. Bb5+ c6 4. Ba4 Bxh3 5. gxh3 Qd7 6. Rg1 Qxh3 7. Nc3 Qxh2 8.
Rg5 f6 9. Rf5 Qg1+ 10. Ke2 Qg4+ 11. Rf3 e4 12. Ke1 exf3 13. Nxd5 Qg1# 0-1

[Event "AUTO-INT-991"]
[Site "http://www.queenalice.com/game.php?id=443814"]
[Date "2008.8.5"]
[Round "1"]
[White "yclaudiu35"]
[Black "Negruver"]
[Result "1-0"]
[WhiteElo "1855"]
[BlackElo "1292"]

1. e4 e5 2. Bc4 Nf6 3. d3 Bb4+ 4. c3 Bc5 5. Qf3 O-O 6. Qg3 Nc6 7. Bh6 Nh5 8. Qg4
Qf6 9. Nf3 Na5 10. Qxh5 gxh6 11. Qxe5 Qc6 12. Bd5 Qb5 13. b4 d6 14. Qg3+ Kh8 15.
Nfd2 Rg8 16. Qf3 Bg4 17. Qxf7 Qxd3 18. f3 Be3 19. bxa5 Raf8 20. Qxc7 Bxd2+ 21.
Nxd2 Qe3+ 22. Kd1 h5 23. fxg4 1-0

[Event "Challenge"]
[Site "http://www.queenalice.com/game.php?id=444949"]
[Date "2008.8.7"]
[Round "-"]
[White "Negruver"]
[Black "esteban"]
[Result "0-1"]
[WhiteElo "1270"]
[BlackElo "1412"]

1. e3 g6 2. d4 Bg7 3. Qf3 d6 4. Nc3 Nc6 5. Bc4 Na5 6. Qxf7+ Kd7 7. Qxg7 Nf6 8.
Be6+ Kxe6 9. Nf3 Qf8 10. d5+ Kd7 11. Qxf8 Rxf8 12. e4 Ke8 13. Ng5 c6 14. Na4
cxd5 0-1

[Event "Challenge"]
[Site "http://www.queenalice.com/game.php?id=446861"]
[Date "2008.8.10"]
[Round "-"]
[White "Negruver"]
[Black "Pato"]
[Result "0-1"]
[WhiteElo "1278"]
[BlackElo "2087"]

1. e3 Nc6 2. Qf3 d6 3. Bc4 Ne5 4. Qe4 Nf6 5. Qh4 g5 6. Qd4 Bg7 7. f4 c5 8. Qc3
Ne4 9. Qb3 Nxc4 10. d3 Na5 11. Qb5+ Bd7 12. Nc3 Nxc3 13. Qxb7 Nxb7 14. bxc3
Bxc3+ 15. Bd2 Bxa1 16. fxg5 e6 17. Nf3 Qb6 18. Kf2 Bg7 19. d4 O-O-O 20. dxc5
dxc5 21. e4 Bc6 22. Bf4 Bxe4 23. Nh4 Rd2+ 24. Bxd2 Bd4+ 25. Kg3 f5 26. c3 Be5+
27. Kf2 c4+ 28. Ke2 Rd8 29. g6 hxg6 30. Nxg6 Rxd2+ 31. Kxd2 Qb2+ 32. Ke3 Qxc3+
33. Ke2 Qc2+ 34. Ke3 Qxg2 35. Ne7+ Kd7 0-1

[Event "Challenge"]
[Site "http://www.queenalice.com/game.php?id=450259"]
[Date "2008.8.18"]
[Round "-"]
[White "Negruver"]
[Black "andresalles"]
[Result "0-1"]
[WhiteElo "1290"]
[BlackElo "1825"]

1. e3 e5 2. d4 Nc6 3. f4 d6 4. Bb5 Bd7 5. Qf3 exd4 6. Ne2 dxe3 7. Qxe3+ Qe7 8.
O-O Qxe3+ 9. Bxe3 Nf6 10. Nbc3 a6 11. Ba4 Be7 12. b4 Nxb4 13. Rfb1 Bxa4 14. Nxa4
Nxc2 15. Bd4 Nxa1 16. Bxa1 O-O 17. Rxb7 Nd5 18. Nd4 Rab8 19. Rb3 Rxb3 20. axb3
Nxf4 21. Nc6 Re8 22. Bc3 Ne2+ 23. Kf2 Nxc3 24. Nxc3 Bf6 25. Nd5 Be5 26. Nxc7 Rf8
27. b4 f5 28. Nxa6 Ra8 29. Ne7+ Kf7 30. Nc7 Ra2+ 31. Kf3 Kxe7 0-1

[Event "Challenge"]
[Site "http://www.queenalice.com/game.php?id=450260"]
[Date "2008.8.18"]
[Round "-"]
[White "Negruver"]
[Black "ezequiel_2001"]
[Result "0-1"]
[WhiteElo "1236"]
[BlackElo "1585"]

1. e3 c5 2. d4 cxd4 3. exd4 d6 4. c4 Nf6 5. c5 dxc5 6. Na3 cxd4 7. Nf3 a6 8. Ne5
e6 9. Nc2 Bb4+ 10. Nxb4 O-O 11. Bd3 Qd6 0-1

[Event "Challenge"]
[Site "http://www.queenalice.com/game.php?id=450264"]
[Date "2008.8.18"]
[Round "-"]
[White "Negruver"]
[Black "Lestat"]
[Result "0-1"]
[WhiteElo "1288"]
[BlackElo "1535"]

1. e3 e5 2. f4 exf4 3. exf4 d5 4. Qe2+ Qe7 5. Nf3 Qxe2+ 6. Bxe2 Nf6 7. Bb5+ c6
8. Ba4 Bc5 9. d4 Bd6 10. O-O Nh5 11. Re1+ Be6 12. Ng5 O-O 13. c3 Bxf4 14. h4
Bxc1 0-1

[Event "Challenge"]
[Site "http://www.queenalice.com/game.php?id=450291"]
[Date "2008.8.18"]
[Round "-"]
[White "Negruver"]
[Black "Diego_Silveira"]
[Result "0-1"]
[WhiteElo "1274"]
[BlackElo "2012"]

1. e3 e5 2. d4 exd4 3. exd4 d5 4. Qe2+ Qe7 5. Nc3 Qxe2+ 6. Bxe2 c6 7. Nf3 Nf6 8.
O-O Bd6 9. Re1 O-O 10. Bd3 Bg4 11. Ng5 h6 12. Nf3 Nbd7 13. Na4 Rfe8 14. h3 Bxf3
0-1

[Event "Challenge"]
[Site "http://www.queenalice.com/game.php?id=462458"]
[Date "2008.9.13"]
[Round "-"]
[White "Negruver"]
[Black "rsgaspar"]
[Result "0-1"]
[WhiteElo "1272"]
[BlackElo "1725"]

1. e3 d5 2. d4 a6 3. Qf3 e6 4. Nc3 Qf6 5. b4 Bxb4 6. Bd2 Nc6 7. a3 Bd6 8. e4
Nxd4 9. Qd1 dxe4 10. Nxe4 Qe5 11. Bd3 Nf6 0-1